MARC

LEADER 00000nam0a2200000 4500
001 281190
005 20231101235359.0
020 |a RU  |b 86-65783 
035 |a (RuTPU)RU\TPU\book\304850 
090 |a 281190 
100 |a 20150119d1986 k y0rusy5003 ca 
101 0 |a rus 
102 |a UA 
105 |a a z 001zy 
200 1 |a Инерционные механические энергоаккумулятирующие системы  |f Академия наук Украинской ССР (АН УССР), Институт технической механики ; под ред. В. С. Будника 
210 |a Киев  |c Наукова думка  |d 1986 
215 |a 176 с.  |c ил. 
320 |a Библиогр.: с. 174-176 
606 |a Аккумуляторы инерционные  |2 stltpush  |3 (RuTPU)RU\TPU\subj\1630  |9 30368 
610 1 |a маховики 
610 1 |a бесступенчатые передачи 
610 1 |a подшипники 
610 1 |a структурные схемы 
610 1 |a кинематические схемы 
610 1 |a расчет 
610 1 |a параметры 
610 1 |a выбор 
610 1 |a применение 
675 |a 621.355  |v 3 
702 1 |a Будник  |b В. С.  |g Василий Сергеевич  |4 340 
712 0 2 |a Академия наук Украинской ССР (АН УССР)  |b Институт технической механики  |c (Киев)  |c (1919-1929)  |2 stltpush  |3 (RuTPU)RU\TPU\col\11066 
801 0 |a RU  |b RuMRKP  |c 19950704  |g psbo 
801 1 |a RU  |b 63413507  |c 20150119 
801 2 |a RU  |b 63413507  |c 20170407  |g RCR 
942 |c BK